000 00554nam a2200217Ia 4500
003 OSt
005 20240926120759.0
006 a|||||r|||| 00| 0
007 ta
008 220927b |||||||| |||| 00| 0 eng d
024 _a46789
037 _cTextual
040 _aSDCL
_cSDCL
_beng
041 _2hin
_ahin
082 _aO1521M96:g L3
245 0 _aNirala :
_bsahitya-sandrabh
260 _aPrayag :
_bSudhakar Pandey,
_c1973.
300 _a241p.
_ccm.
942 _hO1521M96:g L3
_cTEXL
_2CC
999 _c722483
_d722483